SCORE ' 96 (Record no. 12452)

MARC details
000 -LEADER
fixed length control field 00803nam a2200217Ia 4500
003 - CONTROL NUMBER IDENTIFIER
control field IN-BaIIA
008 - FIXED-LENGTH DATA ELEMENTS--GENERAL INFORMATION
fixed length control field 211028s9999 xx 000 0 eng d
020 ## - INTERNATIONAL STANDARD BOOK NUMBER
International Standard Book Number 0-7923-4852-4
040 ## - CATALOGING SOURCE
Transcribing agency IIA Library
080 ## - UNIVERSAL DECIMAL CLASSIFICATION NUMBER
Universal Decimal Classification number 52(082.1)
Item number ASS-225
245 #0 - TITLE STATEMENT
Title SCORE ' 96
Remainder of title solar convection and the oscillations and their relationship
Statement of responsibility, etc. edited by F. P. Pijpers, Christensen-Dalsgaard, J and Rosenthal, C. S
260 ## - PUBLICATION, DISTRIBUTION, ETC.
Place of publication, distribution, etc. Dordrecht
Name of publisher, distributor, etc. Kluwer Academic
Date of publication, distribution, etc. 1997
300 ## - PHYSICAL DESCRIPTION
Extent vii, 315p.
490 ## - SERIES STATEMENT
Series statement Astrophysics and space science library; v. 225
650 ## - SUBJECT ADDED ENTRY--TOPICAL TERM
Topical term or geographic name entry element Convection
9 (RLIN) 21799
650 ## - SUBJECT ADDED ENTRY--TOPICAL TERM
Topical term or geographic name entry element Solar - oscillations
9 (RLIN) 7338
700 ## - ADDED ENTRY--PERSONAL NAME
Personal name Christensen-Dalsgaard, J., ed.
9 (RLIN) 21800
700 ## - ADDED ENTRY--PERSONAL NAME
Personal name Pijpers, F. P., ed.
9 (RLIN) 21801
700 ## - ADDED ENTRY--PERSONAL NAME
Personal name Rosenthal, C. S., ed.
9 (RLIN) 21802
942 ## - ADDED ENTRY ELEMENTS (KOHA)
Koha item type Books
Holdings
Withdrawn status Lost status Damaged status Not for loan Home library Current library Shelving location Date acquired Cost, normal purchase price Total Checkouts Full call number Barcode Date last seen Cost, replacement price Price effective from Koha item type Purchase Price
        IIA Library-Bangalore IIA Library-Bangalore General Stacks 18/03/1998 5050.00   52(082.1)/ ASS-225 13368 05/11/2021 5050.00 18/03/1998 Books Rs. 5050.00

Powered by Koha